Биофизика для экологии и медицины (Запись № 11849804)

Подробности
000 -МАРКЕР
контрольное поле 01863nam0a2200349 4500
001 - ИДЕНТИФИКАТОР ЗАПИСИ
контрольное поле RU\NLR\BIBL_A\012090032
005 - ИДЕНТИФИКАТОР ВЕРСИИ
контрольное поле 20260607061649.0
010 ## - МЕЖДУНАРОДНЫЙ СТАНДАРТНЫЙ НОМЕР КНИГИ (ISBN)
Номер (ISBN) 978-5-6042856-1-9
Тираж 300
021 ## - НОМЕР ГОСУДАРСТВЕННОЙ РЕГИСТРАЦИИ
Код страны Российская Федерация
Номер КН-П-19-059822
Номер Листа государственной регистраци КН-П-19-4284
035 ## - ДРУГИЕ СИСТЕМНЫЕ НОМЕРА
Идентификатор записи (NLR Aleph) 012090032
035 ## - ДРУГИЕ СИСТЕМНЫЕ НОМЕРА
Идентификатор записи (RuMoRGB)010063206
100 ## - ДАННЫЕ ОБЩЕЙ ОБРАБОТКИ
Данные общей обработки 20190910d2019 k y0rusy50 ca
101 0# - ЯЗЫК РЕСУРСА
Язык текста, звукозаписи и т.д. русский
Язык резюме английский
102 ## - СТРАНА ПУБЛИКАЦИИ ИЛИ ПРОИЗВОДСТВА
Страна публикации Российская Федерация
105 ## - ПОЛЕ КОДИРОВАННЫХ ДАННЫХ: ТЕКСТОВЫЕ МАТЕРИАЛЫ, МОНОГРАФИЧЕСКИЕ
Кодированные данные о монографическом текстовом документе c||z|||010zy
200 1# - ЗАГЛАВИЕ И СВЕДЕНИЯ ОБ ОТВЕТСТВЕННОСТИ
Основное заглавие Биофизика для экологии и медицины
Сведения, относящиеся к заглавию [сборник статей]
-- к 90-летию академика РАН И.И. Гительзона
Первые сведения об ответственности Российская академия наук, Сибирское отделение, Институт биофизики
Последующие сведения об ответственности ответственный редактор: доктор биологических наук, профессор Т.Г. Волова
210 ## - ПУБЛИКАЦИЯ, РАСПРОСТРАНЕНИЕ И ДР.
Место издания, распространения и т.д. Новосибирск
Имя издателя, распространителя и т. д. Изд-во Сибирского отделения Российской академии наук
Дата издания, распространения и т.д. 2019
215 ## - ФИЗИЧЕСКАЯ ХАРАКТЕРИСТИКА
Специфическое обозначение материала и объем 292, [2] с.
Другие сведения о физической характеристике ил., портр., табл., цв. ил.
Размеры 25
300 ## - ОБЩИЕ ПРИМЕЧАНИЯ
Текст примечания Рез. англ.
320 ## - ПРИМЕЧАНИЯ О НАЛИЧИИ В ДОКУМЕНТЕ БИБЛИОГРАФИИ / УКАЗАТЕЛЯ
Текст примечания Библиогр. в конце ст.
606 1# - НАИМЕНОВАНИЕ ТЕМЫ КАК ПРЕДМЕТ
Наименование темы Биофизическая экология
Формальный подзаголовок Сборники
Системный номер авторитетной/нормативной записи 1147513
Идентификатор авторитетной/нормативной записи RU\NLR\AUTH\66139244
686 1# - ИНДЕКСЫ ДРУГИХ КЛАССИФИКАЦИЙ
Индекс Е081.2я43
702 #1 - ИМЯ ЛИЦА - ВТОРИЧНАЯ ОТВЕТСТВЕННОСТЬ
Код отношения Редактор
Материалы, к которым относится поле rus
Графика поля Кириллица
Начальный элемент ввода Волова
Часть имени, кроме начального элемента ввода Т. Г.
Расширение инициалов личного имени Татьяна Григорьевна
Идентификатор авторитетной/нормативной записи RU\NLR\AUTH\773153
Системный номер авторитетной/нормативной записи 113159
702 #1 - ИМЯ ЛИЦА - ВТОРИЧНАЯ ОТВЕТСТВЕННОСТЬ
Код отношения Прочие
Графика поля Кириллица
Материалы, к которым относится поле rus
Начальный элемент ввода Гительзон
Часть имени, кроме начального элемента ввода И. И.
Даты 1928-2022
Расширение инициалов личного имени Иосиф Исаевич
Системный номер авторитетной/нормативной записи 249428
Идентификатор авторитетной/нормативной записи RU\NLR\AUTH\770249484
712 02 - НАИМЕНОВАНИЕ ОРГАНИЗАЦИИ - ВТОРИЧНАЯ ОТВЕТСТВЕННОСТЬ
Код отношения Прочие
Начальный элемент ввода Институт биофизики
Идентифицирующий признак Новосибирск
Системный номер авторитетной/нормативной записи 504305
Идентификатор авторитетной/нормативной записи RU\NLR\AUTH\8810003511
942 ## - ДОПОЛНИТЕЛЬНЫЕ ЭЛЕМЕНТЫ ЗАПИСИ (АБИС)
Тип экземпляра АБИС Книга
980 ## - КОЛЛЕКЦИЯ
Название коллекции НБР
980 ## - КОЛЛЕКЦИЯ
Название коллекции Национальная библиография

Нет доступных экземпляров.